000 nam a22 7a 4500
999 _c7150
_d7150
008 170725b xxu||||| |||| 00| 0 eng d
082 _a420
100 _93727
_aDhawan Sanjay
245 _aPractice Book English Core
260 _aNew Delhi
_bArya Publication
_c2016
300 _abook
942 _2ddc
_cBK